Central planning in Czechoslovakia : (Record no. 45448)
[ view plain ]
| 000 -LEADER | |
|---|---|
| fixed length control field | 00756nam a2200229 a 4500 |
| 001 - CONTROL NUMBER | |
| control field | 45448 |
| 003 - CONTROL NUMBER IDENTIFIER | |
| rucl marc code | BD-RjUL |
| 005 - DATE AND TIME OF LATEST TRANSACTION | |
| control field | 20211209054020.0 |
| 008 - FIXED-LENGTH DATA ELEMENTS--GENERAL INFORMATION | |
| fixed length control field | 160725s1960 caua b 001 0 eng d |
| 035 ## - SYSTEM CONTROL NUMBER | |
| System control number | (BD-RjUL)45566 |
| 040 ## - CATALOGING SOURCE | |
| Original cataloging agency | WSU |
| Transcribing agency | WSU |
| Modifying agency | XIM |
| -- | UKM |
| -- | OCL |
| -- | EQO |
| -- | BD-RjUL |
| Language of cataloging | eng |
| 041 ## - LANGUAGE CODE | |
| Language code of text/sound track or separate title | eng |
| 082 ## - DEWEY DECIMAL CLASSIFICATION NUMBER | |
| Classification number | 338.9437 |
| Edition number | 23 |
| Author mark and year | MIC 1960 |
| 100 1# - MAIN ENTRY--PERSONAL NAME | |
| Personal name | Michal, Jan M. |
| 9 (RLIN) | 139147 |
| 245 10 - TITLE STATEMENT | |
| Title | Central planning in Czechoslovakia : |
| Remainder of title | organization for growth in a mature economy / |
| Statement of responsibility, etc. | Jan M. Michal |
| 260 ## - PUBLICATION, DISTRIBUTION, ETC. (IMPRINT) | |
| Place of publication, distribution, etc. | Stanford, Calif : |
| Name of publisher, distributor, etc. | Stanford University Press, |
| Date of publication, distribution, etc. | 1960 |
| 300 ## - PHYSICAL DESCRIPTION | |
| Pagination | xii, 274 p. : |
| Illustrations | ill. ; |
| Size | 24 cm. |
| 500 ## - GENERAL NOTE | |
| General note | Include index |
| 504 ## - BIBLIOGRAPHY, ETC. NOTE | |
| Bibliography, etc | Bibliography: p. [265-268] |
| 651 #0 - SUBJECT ADDED ENTRY--GEOGRAPHIC NAME | |
| Geographic name | Czechoslovakia |
| General subdivision | Economic policy |
| Chronological subdivision | 1945-1992 |
| 9 (RLIN) | 139148 |
| 942 ## - ADDED ENTRY ELEMENTS (KOHA) | |
| Source of classification or shelving scheme | Dewey Decimal Classification |
| Koha item type | Books |
| Lost status | Source of classification or shelving scheme | Damaged status | Not for loan | Collection code | Permanent Location | Current Location | Shelving location | Date acquired | Source of acquisition | Cost, normal purchase price | Total Checkouts | Full call number | Date last seen | Copy number | Koha item type |
|---|---|---|---|---|---|---|---|---|---|---|---|---|---|---|---|
| Dewey Decimal Classification | Non-fiction | Central Library, University of Rajshahi | Central Library, University of Rajshahi | 21/01/1970 | Zeit | 0.00 | 338.9437 MIC 1960 | 26/07/2016 | C-2 | Books |